000 00247nam a22001217a 4500
041 _aENG
100 _aRao.D.B
245 _aEnergy Security
260 _aDelhi
_bDiscovery Pub
_c2001
300 _a550
650 _aEOES
856 _uEOES ( 12 )
999 _c1232
_d1232